| 000 | 01236nam a22002537a 4500 | ||
|---|---|---|---|
| 003 | OSt | ||
| 005 | 20240226141338.0 | ||
| 008 | 210324b 2018 dr 00| 0 eng d | ||
| 020 | _a9789945608106 | ||
| 040 |
_aDO-SdBNP _bspa _cBNPHU |
||
| 082 | 4 |
_aPR863.44 _bR114v _222 |
|
| 100 | 1 |
_aRabelo Cartagena, José A., _d1963- _957213 |
|
| 245 | 1 | 0 |
_a2063 y otras distopías / _cJosé Rabelo |
| 246 | 2 | 3 | _aDos mil sesenta tres y otras distopías |
| 260 |
_aSan Juan, Puerto Rico ; _aSanto Domingo : _bIsla Negra Editores, _c2018. |
||
| 300 |
_a196 p. : _bil. ; _c22 cm. |
||
| 490 | 1 | _aEl Rostro y La Máscara | |
| 500 | _aIncluye datos biográficos del autor en la solapa de la cubierta. | ||
| 505 | _a2063 – Lluvia – Heptateuco – Ojos – Luna – Jadeante – Estadio – Panorama – Virago – Marte – Wapar --9:43 am – Monedas – Cábala – Cuerda – Vida – Aokigahara – Sebast – Multiversos -- El artista – Aparalipsis -- Lobo y Malacoda – Arretranco – Béisbol – Perihelio – Arenas – Agua – Colonia -- In albis – Levitantes – María. | ||
| 590 | _aInventariado, 2021 /LP | ||
| 830 | 0 |
_aEl Rostro y La Máscara _9251 |
|
| 910 | _aLopérez, Validado. Control de calidad MFF | ||
| 942 |
_2ddc _cLBS1 |
||
| 999 |
_c49681 _d49681 |
||